| 000 | 00875nam a2200253Ia 4500 | ||
|---|---|---|---|
| 003 | OSt | ||
| 005 | 20221005112333.0 | ||
| 006 | a|||||r|||| 00| 0 | ||
| 007 | ta | ||
| 008 | 221004b |||||||| |||| 00| 0 pan d | ||
| 020 |
_a9788178561808 (hbk) _c600 |
||
| 024 | _a104580 | ||
| 037 |
_b517, 02/02/2011, H.K. Prakashan _cTextual |
||
| 040 |
_aCRL _cCRL _bpan |
||
| 041 |
_2pan _apan |
||
| 082 | _aO153v, P7 | ||
| 100 | _aਸਿੰਘ, ਬ੍ਰਹਮਜਗਦੀ | ||
| 245 | 0 | _aਪੰਜਾਬੀ ਸਾਹਿੱਤ ਦਾ ਇਤਿਹਾਸ | |
| 260 |
_aਅੰਮ੍ਰਿਮਸਰ _bਵਾਰਿਸ ਾਹ ਭਾਰਤ _c2007 |
||
| 300 |
_a544ਪੰ _ccm. |
||
| 650 | _aਪੰਜਾਬੀ ਸਾਹਿਤ | ||
| 942 |
_hO153v, P7 _cTEXL _2cc |
||
| 999 |
_c1024598 _d1024598 |
||